000
00291 a2200133 4500
000
nam a22 7a 4500
100
_a
Anuja Rawat
110
_a
Anuja Rawat
245
_a
Yog Yogi Yogini
250
_a
latest edition
260
_b
satyam
_c
2023
264
_b
satyam
_c
2023
942
_c
BK
999
_c
396229
_d
396229